Normal view
MARC view
- Donovan, W. Graeme
Entry Personal Name
001 - CONTROL NUMBER
- control field: 38650
003 - CONTROL NUMBER IDENTIFIER
- control field: NUST
005 - DATE AND TIME OF LATEST TRANSACTION
- control field: 20210314131114.0
008 - FIXED-LENGTH DATA ELEMENTS
- fixed length control field: 210314|| aca||aabn | a|a d
040 ## - CATALOGING SOURCE
- Original cataloging agency: NUST
- Transcribing agency: NUST
100 ## - HEADING--PERSONAL NAME
- Personal name: Donovan, W. Graeme
670 ## - SOURCE DATA FOUND
- Source citation: Work cat.: (NUST): Binswanger-Mkhize, Hans P., 36899, Agricultural mechanization :, c1987.
